Intermediate microeconomics and its application / (Record no. 4044)
[ view plain ]
| 000 -LEADER | |
|---|---|
| fixed length control field | 01058nac a22002291u 4500 |
| 010 ## - LIBRARY OF CONGRESS CONTROL NUMBER | |
| LC control number | 99067771 |
| 020 ## - INTERNATIONAL STANDARD BOOK NUMBER | |
| International Standard Book Number | 0030259169 |
| 082 00 - DEWEY DECIMAL CLASSIFICATION NUMBER | |
| Classification number | 338.5 |
| Item number | N624 |
| 090 ## - LOCALLY ASSIGNED LC-TYPE CALL NUMBER (OCLC); LOCAL CALL NUMBER (OCLC) | |
| -- | 4044 |
| -- | 4044 |
| 100 ## - MAIN ENTRY--PERSONAL NAME | |
| Personal name | Nicholson, Walter. |
| 245 10 - TITLE STATEMENT | |
| Title | Intermediate microeconomics and its application / |
| Statement of responsibility, etc | Walter Nicholson. |
| 250 ## - EDITION STATEMENT | |
| Edition statement | 8th ed. |
| 260 ## - PUBLICATION, DISTRIBUTION, ETC. (IMPRINT) | |
| Place of publication, distribution, etc | Fort Worth : |
| Name of publisher, distributor, etc | Dryden Press, |
| Date of publication, distribution, etc | c2000. |
| 300 ## - PHYSICAL DESCRIPTION | |
| Extent | xxx, 605 p. : |
| Other physical details | col. ill. ; |
| Dimensions | 24 cm. |
| 440 #4 - | |
| -- | The Dryden Press series in economics |
| 504 ## - BIBLIOGRAPHY, ETC. NOTE | |
| Bibliography, etc | Includes bibliographical references and index. |
| 650 #0 - SUBJECT ADDED ENTRY--TOPICAL TERM | |
| Topical term or geographic name as entry element | Microeconomics. |
| 942 ## - ADDED ENTRY ELEMENTS (KOHA) | |
| Item type | Book - Borrowing |
| Call number prefix | 338.5N624 |
| Withdrawn status | Item status | Materials specified (bound volume or other part) | Damaged status | Not for loan | Home library | Current library | Shelving location | Date acquired | Source of acquisition | Total Checkouts | Full call number | Barcode | Date last seen | Date last borrowed | Koha item type | Total Renewals |
|---|---|---|---|---|---|---|---|---|---|---|---|---|---|---|---|---|
| Lost | Lost In Inventory_2017-8-25 | Central Library | Central Library | First floor | 07/08/2015 | Purchase | 2 | 338.5 NIC | 000000073 | 23/08/2016 | 14/12/2008 | Book - Borrowing | ||||
| Central Library | Central Library | First floor | 16/08/2007 | Purchase | 3 | 338.5 NIC | 000005291 | 15/07/2025 | 19/09/2019 | Book - Borrowing | 6 | |||||
| Central Library | Central Library | First floor | 07/09/2005 | Purchase | 2 | 338.5 NIC | 000000211 | 15/07/2025 | 03/03/2019 | Book - Borrowing | 53 |